000 01144nam a2200253Ia 4500
003 OSt
005 20220923211807.0
006 a|||||r|||| 00| 0
007 ta
008 220922b |||||||| |||| 00| 0 hin d
024 _a55,692
037 _cTextual
040 _aARTS
_cARTS
_bhin
041 _2hin
_ahin
082 _aP15,C,3x3,1, 15M1
100 _aअययर, सुब्रहमण्य; द्विवेदी, रामचन्द्र, अनु.
_9161501
245 0 _aभतृहरि
_b प्राचीन टीकाओ के प्रकाश मे वाक्यपदीय का एक अध्ययन
246 _aBhatṛuhari: prāchīn ṭīkāo ke prakāsh me vākyapadīya kā ek adhyayana
260 _aजयपुर
_b राजस्थान हिन्दी ग्रन्थ अकादमी
_c1981
300 _a456p.
_ccm.
650 _aहिन्दी भाषा
942 _hP15,C,3x3,1, 15M1
_cTEXL
_2CC
999 _c303651
_d303651